15 Najwartościowszych Piłkarzy Premier League - Statystyki

Ogólne statystyki
  • Ten quiz został rozwiązany 215 razy
    75 od ostatniego zresetowania
  • Średni wynik to 7 z 15
Statystyki odpowiedzi
Wartość (mln €) Piłkarz % Poprawnych
180 Haaland
99%
130 Saka
82%
130 Foden
79%
110 Rodri
60%
95 Odegaard
52%
80 Dias
48%
110 Rice
46%
80 Silva
42%
80 Martinelli
37%
80 Saliba
37%
75 Diaz
36%
80 Fernandez
28%
90 Alvarez
25%
80 Caicedo
25%
85 Guimaraes
10%
Nie znaleziono quizów pasujących do podanych kryteriów
Rozkład punktacji
Procent ludzi z każdym wynikiem
Percentyl według liczby udzielonych odpowiedzi
Twoja historia wyników
Nie rozwiązałeś tego quizu od ostatniego zresetowania